000 00293nam a22001217a 4500
008 160421b xxu||||| |||| 00| 0 eng d
020 _a9780803608832
020 _a0803608837
041 _aeng
080 _a618.2
245 _aNursing health assessment:
_cPatricia M. Dillon;
942 _2udc
_cBK
999 _c1490
_d1490